[Event "Tourn. n7994"]
[Site "www.chess-mail.com"]
[Date "2015.03.03"]
[Round "1"]
[White "Generalfree"]
[Black "Osopanda"]
[WhiteElo "1800"]
[BlackElo "2020"]
[Result "0-1"]
[Round "1"]
1.e4 c5
2.f4 d6
3.c4 Nb8c6
4.Ng1f3 e6
5.g4 Ng8e7
6.Nb1c3 g6
7.d3 Bf8g7
8.Bc1d2 O-O
9.a3 f5
10.h3 Nc6d4
11.Nf3xd4 cxd4
12.Nc3e2 e5
13.gxf5 gxf5
14.Rh1g1 Ne7g6
15.exf5 Bc8xf5
16.fxe5 Bf5xd3
17.exd6 Qd8h4
18.Ne2g3 Ra8e8
19.Bf1e2 Bd3xe2
20.Qd1xe2 Re8xe2
21.Kxe2 Ng6f4
22.Bd2xf4 Qh4xf4
23.Ra1f1 Rf8e8
24.Kd3 Qf4e3
{ resign }
0-1

[Event "Tourn. n7971"]
[Site "www.chess-mail.com"]
[Date "2015.03.03"]
[Round "1"]
[White "Morse"]
[Black "Wings"]
[WhiteElo "2210"]
[BlackElo "2520"]
[Result "0-1"]
[Round "1"]
1.Ng1f3 f5
2.d4 Ng8f6
3.g3 g6
4.Bf1g2 Bf8g7
5.O-O O-O
6.c4 d6
7.Nb1c3 Qd8e8
8.d5 Nb8a6
9.Nf3d4 Bc8d7
10.a3 Na6c5
11.Ra1b1 a5
12.b3 c6
13.b4 axb4
14.axb4 Nc5e4
15.Nc3xe4 Nf6xe4
16.Qd1b3 Bg7xd4
17.c5 e6
18.dxc6 bxc6
19.Rf1d1 dxc5
20.Bc1f4 Rf8f7
21.bxc5 Bd4g7
22.Bf4e3 e5
23.f3 Ne4f6
24.Rd1d6 Nf6d5
25.Rd6xd5 cxd5
26.Qb3xd5 Bd7c6
 { time }
0-1

[Event "Tourn. n8090"]
[Site "www.chess-mail.com"]
[Date "2015.03.03"]
[Round "1"]
[White "Ulysse21"]
[Black "Amaya"]
[WhiteElo "1809"]
[BlackElo "1880"]
[Result "1-0"]
[Round "1"]
1.d4 g6
2.c4 Bf8g7
3.Nb1c3 Ng8f6
4.e4 d6
5.Bf1e2 O-O
6.Ng1f3 Bc8g4
7.Bc1e3 Nb8d7
8.h3 Bg4xf3
9.Be2xf3 e5
10.O-O a6
11.Bf3e2 Rf8e8
12.d5 b6
13.b4 a5
14.a3 axb4
15.axb4 Qd8e7
16.Qd1c2 Kh8
17.Nc3b5 Nd7f8
18.c5 bxc5
19.bxc5 h6
20.Nb5a7 Nf8h7
21.Be2b5 Re8b8
22.Na7c6 Qe7d8
23.Nc6xd8 { resign }
1-0

[Event "Tourn. n8050"]
[Site "www.chess-mail.com"]
[Date "2015.03.03"]
[Round "1"]
[White "Colchester"]
[Black "Gorgo"]
[WhiteElo "1850"]
[BlackElo "1819"]
[Result "0-1"]
[Round "1"]
1.e4 c5
2.Ng1f3 Nb8c6
3.Nb1c3 e5
4.Bf1b5 d6
5.Bb5xc6 bxc6
6.h3 Ng8f6
7.d3 Bf8e7
8.O-O O-O
9.Rf1e1 Ra8b8
10.b3 Nf6e8
11.Bc1b2 Ne8c7
12.Nc3e2 f5
13.exf5 Bc8xf5
14.Ne2g3 Qd8d7
15.Ng3xf5 Rf8xf5
16.Qd1d2 Rb8f8
17.Re1e3 Nc7d5
18.Re3e1 Rf5xf3
19.gxf3 Qd7xh3
20.Re1e4 Rf8f5
21.Re4g4 Rf5h5
{ resign }
0-1

[Event "Tourn. n7996"]
[Site "www.chess-mail.com"]
[Date "2015.03.03"]
[Round "1"]
[White "Badplayer"]
[Black "Picifarkinca"]
[WhiteElo "2190"]
[BlackElo "2030"]
[Result "1/2-1/2"]
[Round "1"]
1.e4 e5
2.Ng1f3 Nb8c6
3.Bf1b5 a6
4.Bb5a4 Ng8f6
5.d3 b5
6.Ba4b3 Bf8e7
7.c3 O-O
8.O-O d6
9.h3 Nc6a5
10.Bb3c2 c5
11.d4 Qd8c7
12.dxc5 dxc5
13.b3 Bc8b7
14.Rf1e1 Ra8d8
15.Qd1e2 c4
16.b4 Na5c6
17.a4 Rd8a8
18.axb5 axb5
19.Ra1xa8 Rf8xa8
20.Nb1d2 Ra8a2
21.Bc2b1 Ra2a1
22.Bc1b2 Ra1a8
23.Nd2f1 Ra8d8
24.Re1d1 Rd8xd1
{ draw }
1/2-1/2

[Event "Tourn. n8002"]
[Site "www.chess-mail.com"]
[Date "2015.03.03"]
[Round "1"]
[White "Bigoak"]
[Black "Blackpool"]
[WhiteElo "1970"]
[BlackElo "1840"]
[Result "1-0"]
[Round "1"]
1.e4 b6
2.Nb1c3 e6
3.d4 Bc8b7
4.Bf1d3 g6
5.Ng1e2 Bf8g7
6.Bc1e3 Ng8e7
7.f3 d6
8.Qd1d2 h6
9.O-O-O d5
10.e5 Nb8d7
11.Kb1 c5
12.Ne2g3 a6
13.f4 c4
14.Bd3e2 Qd8c7
15.Be2f3 O-O-O
16.Ng3e2 b5
17.g4 Nd7b6
18.Ne2g3 Ne7c6
19.f5 b4
20.Nc3e2 Kb8
21.b3 c3
22.Qd2c1 Rd8c8
23.a3 a5
24.Ne2f4 g5
25.Nf4h5 Bg7f8
26.a4 Bf8e7
27.Nh5g7 Qc7d7
28.Bf3e2 Be7f8
29.Ng3h5 Bf8xg7
30.Nh5xg7 Rh8g8
31.Ng7h5 Qd7e7
32.Be2d3 Rc8d8
33.Rd1f1 Qe7c7
34.Nh5f6 Rg8h8
35.h4 gxh4
36.Rh1xh4 Nc6e7
37.Rf1h1 exf5
38.gxf5 Bb7c8
39.Qc1f1 Ne7g8
40.Nf6xg8 Rh8xg8
41.Rh4xh6 Rg8g3
42.Be3f4 Rg3g4
43.Rh1h4 Rg4xh4
44.Rh6xh4 Ka8
45.Rh4h7 Rd8f8
46.e6 { resign }
1-0

[Event "Tourn. n8082"]
[Site "www.chess-mail.com"]
[Date "2015.03.03"]
[Round "1"]
[White "Kesalon"]
[Black "Derik"]
[WhiteElo "1219"]
[BlackElo "1460"]
[Result "1-0"]
[Round "1"]
1.e4 e6
2.d4 d5
3.Nb1c3 c5
4.Ng1f3 Ng8f6
5.Bc1g5 g6
6.e5 h6
7.Bg5xf6 Qd8b6
8.Bf6xh8 Qb6xb2
9.Nc3e2 Qb2b4
10.c3 Qb4b6
11.Qd1b3 Qb6a5
12.Ne2g3 Nb8c6
13.Bf1b5 a6
14.Bb5xc6 Bc8d7
15.Bc6xd7 Kd8
16.Bh8f6 Kxd7
17.Qb3xb7 Ke8
18.Qb7xa8 Kd7
19.O-O Bf8e7
20.Qa8b7 Ke8
21.Qb7xe7 { resign }
1-0

[Event "Match"]
[Site "www.echecsemail.com"]
[Date "2015.03.03"]
[Round "1"]
[White "Fred"]
[Black "Dominiquer"]
[WhiteElo "2060"]
[BlackElo "1770"]
[Result "1-0"]
[Round "1"]
1.e4 e5
2.f4 exf4
3.Ng1f3 g5
4.h3 h5
5.Bf1c4 h4
6.d3 Bf8c5
7.Nb1c3 Bc5b4
8.Bc1d2 c5
9.a3 Bb4xc3
10.Bd2xc3 Rh8h6
11.Nf3e5 Rh6h7
12.Bc4xf7 Rh7xf7
13.Qd1h5 Qd8e7
14.Ne5xf7 Qe7xf7
15.Qh5xg5 f3
16.O-O d6
17.Rf1xf3 { resign }
1-0

[Event "Match"]
[Site "www.echecsemail.com"]
[Date "2015.03.03"]
[Round "1"]
[White "F14"]
[Black "Bojan"]
[WhiteElo "1850"]
[BlackElo "2030"]
[Result "1/2-1/2"]
[Round "1"]
1.d4 g6
2.Ng1f3 Bf8g7
3.e4 d6
4.Bf1e2 c6
5.O-O Nb8d7
6.c3 Ng8f6
7.Qd1c2 Nd7b6
8.Rf1d1 Qd8c7
9.Bc1f4 Nf6h5
10.Bf4e3 e5
11.dxe5 dxe5
12.Qc2b3 Bc8e6
13.Qb3c2 O-O
14.Nf3g5 Nh5f4
15.Be3xf4 exf4
16.Ng5xe6 fxe6
17.f3 Ra8d8
18.Nb1d2 Rd8d7
19.Nd2c4 Rf8d8
20.Rd1xd7 Rd8xd7
21.Nc4xb6 Qc7xb6
22.Kh1 Qb6e3
23.Ra1d1 Rd7e7
24.Rd1d3 Qe3f2
25.Qc2d1 Qf2h4
26.Rd3d8 Kf7
27.h3 Re7c7
28.Rd8d7 Rc7xd7
29.Qd1xd7 Qh4e7
30.Qd7d2 Bg7e5
31.Qd2d1 h5
32.Be2c4 Be5c7
33.a4 a6
34.Qd1d4 Bc7d6
35.Qd4h8 Qe7f6
36.Qh8h7 Qf6g7
37.Bc4xe6 Kf6
38.Qh7xg7 Kxg7
39.c4 b5
40.axb5 axb5
41.b3 bxc4
42.Be6xc4 Bd6c5
43.Kh2 h4
44.Kh1 Kf6
45.Bc4a6 Bc5e3
46.Ba6b7 c5
47.Bb7d5 g5
{ draw }
1/2-1/2

[Event "Match"]
[Site "www.echecsemail.com"]
[Date "2015.03.03"]
[Round "1"]
[White "Generalfree"]
[Black "Bbking"]
[WhiteElo "1660"]
[BlackElo "1540"]
[Result "1-0"]
[Round "1"]
1.e4 e5
2.Ng1f3 Nb8c6
3.Bf1c4 Bf8c5
4.d3 Ng8f6
5.Nb1c3 O-O
6.a3 d6
7.b4 Bc5b6
8.a4 Bc8g4
9.h3 Bg4xf3
10.Qd1xf3 a5
11.b5 Nc6d4
12.Qf3d1 h6
13.Nc3d5 Nf6xd5
14.Bc4xd5 Ra8b8
15.c3 Nd4e6
16.Qd1g4 Qd8d7
17.Bc1xh6 Rf8e8
18.f4 Bb6e3
19.g3 exf4
20.gxf4 Be3xf4
21.Bh6xf4 c6
22.Bd5c4 cxb5
23.Bc4xb5 Qd7c7
24.c4 Ne6d4
25.Bb5xe8 Nd4c2
26.Kd2 Nc2xa1
27.Rh1g1 g6
28.Be8xf7 Qc7xf7
29.Rg1xa1 Qf7f6
30.Ra1g1 Kf7
31.Rg1f1 Kg7
32.Qg4d7 Kg8
33.Ke2 Qf6b2
34.Bf4d2 b6
35.Qd7f7 Kh8
36.Qf7xg6 Qb2g7
37.Qg6xd6 Rb8b7
38.Bd2h6 { resign }
1-0

[Event "Match"]
[Site "www.echecsemail.com"]
[Date "2015.03.03"]
[Round "1"]
[White "Joseph1983"]
[Black "Castletyme"]
[WhiteElo "2190"]
[BlackElo "1840"]
[Result "1-0"]
[Round "1"]
1.d4 d5
2.c4 e6
3.e3 Ng8f6
4.Nb1c3 Nb8c6
5.Ng1f3 Bf8e7
6.Bf1d3 dxc4
7.Bd3xc4 O-O
8.O-O Nf6d7
9.d5 exd5
10.Nc3xd5 Nd7e5
11.Nd5xe7 Qd8xe7
12.Nf3xe5 Nc6xe5
13.Bc4e2 Ne5g6
14.b3 Qe7e5
15.Ra1b1 Bc8f5
16.Bc1b2 Qe5e7
17.Rb1c1 Rf8d8
18.Qd1e1 Bf5d3
19.Be2xd3 Rd8xd3
20.Qe1e2 Ra8d8
21.Rc1c2 Ng6h4
22.g3 Nh4g6
23.Rf1c1 c6
24.h4 Ng6xh4
25.gxh4 Qe7xh4
26.f4 Qh4g3
27.Kf1 Rd3xe3
28.Qe2g2 Re3f3
29.Kg1 Qg3xg2
30.Kxg2 Rf3xf4
31.Rc2e2 Kf8
32.Rc1d1 { resign }
1-0

[Event "Match"]
[Site "www.echecsemail.com"]
[Date "2015.03.03"]
[Round "1"]
[White "Chapi"]
[Black "Harrytheking"]
[WhiteElo "2030"]
[BlackElo "1690"]
[Result "1-0"]
[Round "1"]
1.d4 b6
2.c4 Bc8b7
3.Nb1c3 e6
4.e4 h6
5.Ng1f3 Ng8e7
6.Bf1d3 Ne7g6
7.O-O Bf8e7
8.b3 a6
9.Rf1e1 O-O
10.Qd1c2 d6
11.e5 d5
12.Bd3xg6 fxg6
13.Qc2xg6 Qd8e8
14.Qg6xe6 Kh8
15.Nc3xd5 Qe8d7
16.Qe6xe7 Qd7xe7
17.Nd5xe7 Rf8f7
18.Ne7g6 Kh7
19.Nf3h4 Nb8c6
20.d5 Nc6d4
21.Re1e2 Nd4xe2
22.Kf1 Ne2xc1
23.Ra1xc1 Rf7d7
24.e6 Rd7d8
25.f4 c6
26.c5 cxd5
27.c6 Bb7c8
28.f5 a5
29.Nh4f3 Bc8a6
30.Kf2 Ba6d3
31.g4 Bd3e4
32.h4 d4
33.c7 Rd8e8
34.Nf3xd4 Be4b7
35.Ng6e5 Bb7c8
36.Ne5f7 a4
37.b4 Re8e7
38.g5 hxg5
39.hxg5 g6
40.f6 Re7e8
41.Nf7d6 Re8h8
42.e7 Bc8d7
43.f7 Kg7
44.e8Q Bd7xe8
45.fxe8Q { resign }
1-0

[Event "Match"]
[Site "www.echecsemail.com"]
[Date "2015.03.03"]
[Round "1"]
[White "Harrytheking"]
[Black "Bbking"]
[WhiteElo "1690"]
[BlackElo "1540"]
[Result "1-0"]
[Round "1"]
1.c4 Ng8f6
2.h3 Nb8c6
3.Ng1f3 e5
4.d3 d5
5.cxd5 Nf6xd5
6.e4 Nd5f6
7.Bf1e2 Bf8b4
8.Bc1d2 Bb4xd2
9.Qd1xd2 a5
10.Nb1c3 b5
11.Nc3xb5 Bc8a6
12.Nb5c3 Nc6d4
13.Nf3xe5 O-O
14.Be2d1 Ra8b8
15.Nc3e2 Nd4xe2
16.Ne5c6 Qd8d6
17.Nc6xb8 Rf8xb8
18.Bd1xe2 h6
19.O-O Rb8b4
20.f3 c5
21.a3 Rb4d4
22.Qd2xa5 Ba6xd3
23.Be2xd3 Rd4xd3
24.Rf1e1 Rd3d2
25.e5 Qd6d4
26.Kh1 Nf6d7
27.Re1e4 Qd4xb2
28.Ra1g1 f6
29.e6 Nd7e5
30.Qa5xc5 Ne5d3
31.Qc5c8 Kh7
32.Re4e3 Qb2xa3
33.Re3xd3 Rd2xd3
34.e7 Qa3xe7
35.Qc8f5 Kg8
36.Qf5xd3 g5
37.Qd3g6 Kf8
38.Qg6xh6 Ke8
39.Qh6h8 Qe7f8
40.Qh8h5 Qf8f7
41.Rg1e1 Kf8
42.Qh5h8 { resign }
1-0

[Event "Match"]
[Site "www.echecsemail.com"]
[Date "2015.03.03"]
[Round "1"]
[White "Drdoom"]
[Black "F14"]
[WhiteElo "1760"]
[BlackElo "1850"]
[Result "1/2-1/2"]
[Round "1"]
1.e4 c5
2.d4 cxd4
3.Qd1xd4 Nb8c6
4.Qd4d1 e5
5.Bf1d3 Ng8f6
6.c4 Bf8e7
7.Nb1c3 O-O
8.Ng1f3 d6
9.h3 a6
10.O-O Bc8e6
11.Rf1e1 Qd8c7
12.a3 Nf6d7
13.Nc3d5 Be6xd5
14.cxd5 Nc6a7
15.b4 b5
16.Bc1g5 f6
17.Bg5d2 Ra8c8
18.Ra1c1 Qc7b7
19.Bd2e3 Rc8xc1
20.Qd1xc1 Rf8c8
21.Qc1b2 Rc8c7
22.Re1a1 Na7c8
23.a4 bxa4
24.Ra1xa4 Nd7c5
25.Ra4a3 { draw }
1/2-1/2

[Event "Match"]
[Site "www.echecsemail.com"]
[Date "2015.03.03"]
[Round "1"]
[White "Wagner"]
[Black "Generalfree"]
[WhiteElo "1660"]
[BlackElo "1830"]
[Result "0-1"]
[Round "1"]
1.c4 e5
2.e4 Bf8c5
3.Ng1f3 Nb8c6
4.a3 Ng8f6
5.Bf1d3 Nc6d4
6.Nf3xe5 d6
7.Ne5f3 Bc8g4
8.h3 Bg4h5
9.g4 Bh5g6
10.b4 Bc5b6
11.Nb1c3 c6
12.O-O h5
13.g5 Nf6h7
14.h4 Nd4xf3
15.Qd1xf3 O-O
16.Nc3a4 Bb6c7
17.Bd3c2 Qd8d7
18.Bc1b2 b5
19.Qf3c3 Qd7g4
20.Kh1 Qg4xh4
21.Kg1 Qh4xg5
22.Kh1 f6
23.Qc3h3 Qg5xd2
24.Ra1c1 bxa4
25.Qh3g3 Bg6xe4
26.f3 Be4xc2
27.Rf1f2 Qd2g5
28.Qg3xg5 Nh7xg5
29.Rc1xc2 Ra8e8
30.Kg2 Bc7b6
31.c5 dxc5
32.bxc5 Bb6c7
33.Bb2d4 Bc7e5
34.Bd4e3 Be5c7
35.Rc2e2 Ng5e6
36.Kf1 Bc7g3
37.Rf2g2 h4
38.Rg2g1 Ne6g5
39.Kg2 Bg3c7
40.f4 Re8xe3
41.Re2xe3 Bc7xf4
42.Re3e2 h3
43.Kh1 h2
44.Rg1f1 Bf4g3
45.Re2g2 Ng5e4
46.Rf1f3 Kf7
47.Rf3xg3 Ne4xg3
48.Rg2xg3 Rf8h8
49.Rg3d3 Rh8h5
50.Rd3d7 Ke6
51.Rd7xg7 Rh5xc5
52.Rg7xa7 Rc5c2
53.Ra7xa4 c5
54.Ra4e4 Kf5
55.Re4h4 c4
56.Rh4xh2 Rc2xh2
57.Kxh2 c3
{ resign }
0-1

[Event "Match"]
[Site "www.echecsemail.com"]
[Date "2015.03.03"]
[Round "1"]
[White "Razorboy"]
[Black "Andregor"]
[WhiteElo "1870"]
[BlackElo "2510"]
[Result "0-1"]
[Round "1"]
1.d4 e6
2.Ng1f3 Ng8f6
3.Bc1g5 b6
4.Nb1c3 Bf8b4
5.a3 Bb4xc3
6.bxc3 Bc8b7
7.Bg5xf6 Qd8xf6
8.e3 O-O
9.c4 Qf6g6
10.Rh1g1 Bb7xf3
11.Qd1xf3 Qg6xc2
12.Qf3xa8 Qc2c3
13.Ke2 Qc3xa1
14.Qa8xa7 e5
15.Qa7xc7 exd4
16.Qc7xb6 d3
17.Kxd3 Qa1d1
18.Ke4 f5
19.Kf4 Qd1g4
20.Ke5 Qg4e4
21.Kd6 Rf8f6
22.Kc7 Nb8a6
23.Qb6xa6 Rf6xa6
24.c5 Ra6a7
25.Kd6 Qe4e6
{ resign }
0-1

[Event "Match"]
[Site "www.echecsemail.com"]
[Date "2015.03.03"]
[Round "1"]
[White "Reanna"]
[Black "Rob33"]
[WhiteElo "1660"]
[BlackElo "1499"]
[Result "0-1"]
[Round "1"]
1.c4 e5
2.e4 Nb8c6
3.Ng1f3 Bf8c5
4.Bf1e2 Ng8f6
5.O-O Nf6xe4
6.d4 Nc6xd4
7.Nf3xd4 Bc5xd4
8.Be2d3 Ne4xf2
9.Qd1e2 Nf2xd3
10.Bc1e3 Bd4xb2
11.Qe2xd3 Bb2xa1
12.Nb1c3 Ba1xc3
13.Qd3xc3 d6
14.c5 O-O
15.c6 f5
16.Qc3b3 d5
17.cxb7 Bc8xb7
18.Qb3xb7 d4
19.Be3d2 c5
20.Qb7b3 Kh8
21.Rf1d1 Ra8b8
22.Qb3c2 Rb8b7
23.Qc2xc5 Rf8f6
24.Bd2g5 Qd8c7
25.Qc5a3 Qc7c2
26.Bg5xf6 Qc2xd1
27.Kf2 Qd1d2
28.Kg3 Qd2f4
{ resign }
0-1

[Event "Match"]
[Site "www.echecsemail.com"]
[Date "2015.03.03"]
[Round "1"]
[White "Pariolinius"]
[Black "Pembertonia"]
[WhiteElo "1810"]
[BlackElo "1370"]
[Result "1-0"]
[Round "1"]
1.d4 e6
2.e4 Ng8f6
3.Bc1g5 Bf8e7
4.Nb1c3 Be7b4
5.e5 Nf6g8
6.Bg5xd8 Kxd8
7.Ng1f3 Ng8h6
8.Bf1d3 g6
9.O-O b6
10.Nc3e4 Nb8c6
11.c3 Bb4e7
12.Ne4f6 Nh6f5
13.Nf3g5 Bc8b7
14.Ng5xf7 Kc8
15.Nf7xh8 Nc6d8
16.Nf6xh7 Be7h4
17.Nh8xg6 Bh4e7
18.Bd3xf5 exf5
19.Ng6xe7 Kb8
20.Qd1h5 Bb7e4
21.Nh7f6 Be4d3
22.Nf6xd7 { resign }
1-0

[Event "Match"]
[Site "www.echecsemail.com"]
[Date "2015.03.03"]
[Round "1"]
[White "Gerailen0075"]
[Black "Irene"]
[WhiteElo "1809"]
[BlackElo "1970"]
[Result "0-1"]
[Round "1"]
1.e4 c5
2.Nb1c3 Nb8c6
3.Bf1b5 a6
4.Bb5xc6 dxc6
5.d3 Ng8f6
6.Ng1e2 b5
7.b3 g6
8.O-O Bf8g7
9.Bc1b2 O-O
10.Ne2g3 Bc8g4
11.Qd1c1 Qd8c7
12.Qc1e3 Qc7a7
13.h3 Bg4e6
14.f4 Nf6h5
15.Ng3xh5 Bg7d4
{ resign }
0-1

[Event "Match"]
[Site "www.echecsemail.com"]
[Date "2015.03.03"]
[Round "1"]
[White "Hrob71"]
[Black "Drdoom"]
[WhiteElo "1499"]
[BlackElo "1730"]
[Result "1-0"]
[Round "1"]
1.e4 e5
2.Ng1f3 d6
3.d4 Bc8g4
4.dxe5 dxe5
5.Qd1xd8 Kxd8
6.Nf3xe5 Bg4e6
7.Bf1e2 Bf8d6
8.Ne5f3 Nb8d7
9.O-O Ng8f6
10.Bc1g5 Bd6e7
11.Bg5xf6 Be7xf6
12.c3 a5
13.Rf1d1 Ke7
14.Nb1d2 c5
15.Be2b5 Rh8d8
16.Bb5xd7 Kxd7
17.e5 Bf6e7
18.Nd2e4 Ke8
19.Ne4d6 Kf8
20.b3 b6
21.c4 Be7xd6
22.exd6 f6
23.Rd1d2 Be6d7
24.Ra1e1 Ra8a7
25.Re1e7 Ra7a8
26.a3 Ra8a7
27.h3 Rd8e8
28.Re7xe8 Bd7xe8
29.Nf3h2 Be8d7
30.Nh2f1 Kf7
31.Nf1e3 Ra7a8
32.Ne3d5 b5
33.Nd5b6 Ra8d8
34.Nb6xd7 Rd8xd7
35.cxb5 Ke8
36.Rd2d5 Kd8
37.f4 Kc8
38.Kf2 Kb7
39.Ke3 Kb6
40.a4 Rd7d8
41.Kd3 Rd8c8
42.Kc4 h6
43.d7 Rc8d8
44.Rd5d6 Kc7
45.Kxc5 Rd8xd7
46.b6 Kc8
47.Kc6 Rd7xd6
48.Kxd6 Kb7
49.Kc5 { resign }
1-0

[Event "Match"]
[Site "www.echecsemail.com"]
[Date "2015.03.03"]
[Round "1"]
[White "Luzhin"]
[Black "Generalfree"]
[WhiteElo "2270"]
[BlackElo "1780"]
[Result "1-0"]
[Round "1"]
1.e4 c5
2.c3 Nb8c6
3.d4 e6
4.Ng1f3 d6
5.dxc5 dxc5
6.Qd1xd8 Nc6xd8
7.Nb1a3 Bc8d7
8.Nf3e5 Ng8f6
9.Na3b5 Bd7xb5
10.Bf1xb5 Ke7
11.Bc1e3 Nf6xe4
12.O-O-O b6
13.Ne5c6 Nd8xc6
14.Bb5xc6 Ne4xc3
15.Be3g5 f6
16.Rd1d7 { resign }
1-0

[Event "1/64 Finale"]
[Site "www.chess-mail.com"]
[Date "2015.03.03"]
[Round "1"]
[White "Emmanuel69"]
[Black "Attatroll"]
[WhiteElo "1950"]
[BlackElo "1950"]
[Result "1-0"]
[Round "1"]
1.b3 Ng8f6
2.g3 g6
3.Bf1g2 c6
4.Bc1b2 Bf8g7
5.e3 O-O
6.Ng1e2 d5
7.d3 Nb8d7
8.Nb1d2 e5
9.O-O Nd7b6
10.Bb2xe5 Bc8g4
11.h3 Bg4xe2
12.Qd1xe2 Qd8e7
13.Be5b2 c5
14.a3 d4
15.e4 Nf6d7
16.Nd2f3 Nd7e5
17.Nf3xe5 Bg7xe5
18.f4 Be5g7
19.Ra1e1 Rf8e8
20.Bb2c1 Ra8c8
21.Qe2f3 Nb6d7
22.f5 Nd7e5
23.Qf3f4 b6
24.f6 Qe7d7
25.fxg7 a5
26.Kh2 a4
27.Re1d1 axb3
28.cxb3 b5
29.Rf1f2 c4
30.bxc4 bxc4
31.dxc4 Rc8xc4
32.Bc1b2 Qd7b5
33.Bb2xd4 Ne5c6
34.Qf4xf7 
1-0

[Event "Eq:Slap Shot Mates-Los Tercios : "]
[Site "www.chess-mail.com"]
[Date "2015.03.03"]
[Round "1"]
[White "Danquigley"]
[Black "Hwj"]
[WhiteElo "2600"]
[BlackElo "2730"]
[Result "0-1"]
[Round "1"]
1.e4 c5
2.Ng1f3 d6
3.g3 Nb8c6
4.Bf1g2 g6
5.O-O Bf8g7
6.c3 e5
7.d3 Ng8f6
8.Nf3e1 O-O
9.f4 d5
10.exd5 Nf6xd5
11.Qd1b3 Nd5b6
12.Qb3b5 c4
13.Nb1a3 a6
14.Qb5c5 Bc8e6
15.dxc4 Ra8c8
16.Rf1f2 Nb6a4
17.Qc5e3 Rf8e8
18.Ne1f3 Bg7f8
19.Nf3xe5 Bf8c5
20.Qe3f3 Bc5xf2
21.Qf3xf2 Qd8d1
22.Qf2f1 Rc8d8
23.Bc1e3 Na4xb2
24.Ra1xd1 Rd8xd1
25.c5 Rd1xf1
26.Kxf1 Nb2d1
27.Be3d2 Nc6xe5
28.fxe5 Re8d8
29.Ke2 Be6g4
30.Ke1 Nd1b2
31.Na3c2 Nb2d3
32.Kf1 Nd3xc5
33.Nc2d4 Bg4f5
34.Bd2g5 Bf5d3
35.Kg1 Rd8e8
36.Bg5f4 Bd3e4
37.Nd4b3 Be4xg2
38.Nb3xc5 Bg2d5
39.Nc5d7 Kg7
40.Nd7f6 Re8d8
41.Bf4g5 Kh8
42.a3 Bd5e6
43.Nf6e4 Rd8d3
44.a4 Kg7
45.Bg5f6 Kg8
46.Bf6g5 Be6d5
47.Ne4f6 Kg7
48.Nf6e8 Kf8
49.Ne8f6 h5
50.Nf6d7 Kg8
51.Nd7b6 Bd5c6
52.c4 Rd3b3
53.a5 Rb3a3
54.Bg5d2 Ra3a2
{ resign }
0-1

[Event "Eq:Equipo Juan Diaz-Los Tercios : "]
[Site "www.chess-mail.com"]
[Date "2015.03.03"]
[Round "1"]
[White "Hijodeputa"]
[Black "Churrasca"]
[WhiteElo "1860"]
[BlackElo "2220"]
[Result "0-1"]
[Round "1"]
1.d4 Ng8f6
2.c4 g6
3.Nb1c3 Bf8g7
4.e4 d6
5.Ng1f3 O-O
6.Bf1e2 Nb8d7
7.O-O e5
8.d5 Nd7c5
9.Qd1c2 a5
10.Nf3d2 b6
11.Nd2b3 Nf6d7
 { time }
0-1

[Event "Eq:Slap Shot Mates-BEAC Hungary : "]
[Site "www.chess-mail.com"]
[Date "2015.03.03"]
[Round "1"]
[White "Fkarpov"]
[Black "Witpar"]
[WhiteElo "2000"]
[BlackElo "2680"]
[Result "0-1"]
[Round "1"]
1.e4 c5
2.Ng1f3 e6
3.c3 Ng8f6
4.d3 Nb8c6
5.Bc1g5 Bf8e7
6.Bf1e2 Qd8c7
7.O-O O-O
8.Nb1d2 d5
9.h3 Rf8d8
10.Bg5xf6 Be7xf6
11.exd5 exd5
12.Rf1e1 a5
13.Be2f1 a4
14.Ra1b1 Bc8e6
15.a3 g6
16.b3 Bf6xc3
17.bxa4 Bc3f6
18.Qd1c2 b6
19.g3 Nc6d4
20.Nf3xd4 Bf6xd4
21.Kg2 Be6xh3
22.Kh2 Bd4xf2
{ resign }
0-1

[Event "Fast Game"]
[Site "www.echecsemail.com"]
[Date "2015.03.03"]
[Round "1"]
[White "Chesspower"]
[Black "Attatroll"]
[WhiteElo "1630"]
[BlackElo "1800"]
[Result "0-1"]
[Round "1"]
1.e4 e5
2.Bf1c4 Ng8f6
3.d3 Bf8c5
4.Ng1f3 d6
5.Nb1c3 O-O
6.O-O Bc8g4
7.h3 Bg4h5
 { time }
0-1

[Event "Fast Game"]
[Site "www.echecsemail.com"]
[Date "2015.03.03"]
[Round "1"]
[White "F14"]
[Black "Maxmassey"]
[WhiteElo "1599"]
[BlackElo "1599"]
[Result "1-0"]
[Round "1"]
1.d4 c5
2.Ng1f3 Nb8c6
3.e4 d5
4.exd5 cxd4
5.dxc6 bxc6
6.Qd1xd4 Ng8f6
7.Qd4xd8 Kxd8
8.Bf1d3 Nf6g4
9.Bc1f4  { time }
1-0

[Event "Tourn. n7995"]
[Site "www.chess-mail.com"]
[Date "2015.03.04"]
[Round "1"]
[White "Syd"]
[Black "Averoes"]
[WhiteElo "2240"]
[BlackElo "2220"]
[Result "1-0"]
[Round "1"]
1.e4 c5
2.Nb1c3 Nb8c6
3.f4 d6
4.Bf1b5 g6
5.Bb5xc6 bxc6
6.d3 Bf8g7
7.Ng1f3 Bc8g4
8.h3 Bg4xf3
9.Qd1xf3 Ng8f6
10.O-O O-O
11.g4 e6
12.Bc1d2 d5
13.e5 Nf6d7
14.Ra1e1 a5
15.Nc3e2 a4
16.Ne2g3 Qd8b6
17.Bd2c1 c4
18.Kh2 cxd3
19.Qf3xd3 c5
20.h4 c4
21.Qd3e3 Rf8b8
22.Qe3xb6 Rb8xb6
23.h5 f6
24.exf6 Bg7xf6
25.c3 a3
26.bxa3 Bf6xc3
27.Re1e2 Nd7c5
28.hxg6 hxg6
29.f5 exf5
30.gxf5 Nc5d3
31.Bc1h6 Bc3e5
32.Bh6c1 gxf5
33.Re2xe5 Nd3xe5
34.Rf1xf5 Ra8e8
35.Kg2 d4
36.Ng3h5 Rb6g6
37.Kh3 Re8e6
38.a4 c3
39.Nh5f4 Rg6h6
40.Kg3 Re6e8
41.Rf5g5 Kf7
42.Nf4d5 Re8g8
43.Rg5xg8 Kxg8
44.Bc1xh6 { resign }
1-0

[Event "Tourn. n8076"]
[Site "www.chess-mail.com"]
[Date "2015.03.04"]
[Round "1"]
[White "Vite"]
[Black "Caspito"]
[WhiteElo "1990"]
[BlackElo "1840"]
[Result "1-0"]
[Round "1"]
1.e4 e5
2.Bf1c4 Nb8c6
3.Ng1f3 h6
4.O-O Ng8f6
5.Nb1c3 Bf8b4
6.a3 Bb4a5
7.Rf1e1 d6
8.b4 Ba5b6
9.d3 Bc8g4
10.h3 Bg4h5
11.Bc1e3 Qd8d7
12.Bc4a2 Bb6xe3
13.Re1xe3 O-O-O
14.Nc3d5 Nc6d4
15.Nd5xf6 gxf6
16.g4 Bh5xg4
17.hxg4 Qd7xg4
18.Kf1 Rh8g8
19.Nf3xd4 Qg4h3
20.Re3xh3 Rg8g6
21.Ba2xf7 Rg6g5
22.Nd4e6 Rd8d7
23.Ne6xg5 { resign }
1-0

[Event "Tourn. n7732"]
[Site "www.chess-mail.com"]
[Date "2015.03.04"]
[Round "1"]
[White "Manolinex"]
[Black "Andregor"]
[WhiteElo "2690"]
[BlackElo "2220"]
[Result "1-0"]
[Round "1"]
1.e4 e6
2.d4 d5
3.Nb1c3 Bf8b4
4.exd5 exd5
5.Bf1d3 Nb8c6
6.Ng1f3 Bc8g4
7.a3 Bb4a5
8.O-O Ng8e7
9.Nc3e2 Bg4xf3
10.gxf3 Qd8d7
11.c3 Ba5b6
12.Rf1e1 O-O-O
13.b4 Rd8e8
14.Ne2g3 h5
15.a4 h4
16.Ng3f1 a5
17.b5 Nc6d8
18.f4 c5
19.bxc6 Nd8xc6
20.Qd1f3 Bb6c7
21.Ra1b1 h3
22.f5 g6
23.f6 Ne7f5
24.Re1xe8 Rh8xe8
25.Qf3xh3 Qd7e6
26.Bd3xf5 gxf5
27.Nf1e3 Qe6xf6
28.Kf1 Qf6e6
29.Qh3xf5 Nc6e7
30.Qf5xe6 fxe6
31.h4 Re8h8
32.Ne3g2 Ne7f5
33.Bc1g5 Rh8f8
34.Ke2 Nf5d6
35.f4 Nd6e4
36.Kd3 Ne4f2
37.Kc2 Nf2e4
38.Rb1f1 Kd7
39.Ng2e3 Ne4g3
40.Rf1f3 Ng3e4
41.f5 Ke8
42.Kd3 Ne4g3
43.Rf3xg3 Bc7xg3
44.fxe6 Bg3f4
45.Ne3xd5 Bf4xg5
46.hxg5 Rf8f5
47.Kc4 Kd8
48.Kc5 Rf5xg5
49.Kd6 Rg5g6
50.c4 Rg6h6
51.c5 Rh6g6
52.Nd5c7 Rg6g7
53.Nc7b5 Rg7e7
54.d5 Re7g7
55.c6 bxc6
56.dxc6 Rg7d7
57.Kc5 Rd7d1
58.c7 Ke7
59.Nb5c3 Rd1c1
60.Kc4 { resign }
1-0

[Event "Tourn. n7966"]
[Site "www.chess-mail.com"]
[Date "2015.03.04"]
[Round "1"]
[White "Azulmarino"]
[Black "Kozakliuty"]
[WhiteElo "1580"]
[BlackElo "1510"]
[Result "1-0"]
[Round "1"]
1.e4 b6
2.Bf1c4 e6
3.d4 Bc8b7
4.Nb1c3 Bf8b4
5.Bc1d2 Ng8e7
6.Qd1f3 O-O
7.Bc4d3 f5
8.Qf3h3 Bb4xc3
9.Bd2xc3 fxe4
10.Bd3e2 Ne7d5
11.Qh3g4 Nd5xc3
12.bxc3 Qd8f6
13.Ng1h3 e5
14.Ra1d1 d5
15.Nh3g5 Qf6xf2
16.Kd2 Bb7c8
17.Qg4h5 Qf2f4
18.Ke1 Qf4f2
19.Kd2 Qf2f4
20.Ke1 Qf4f2
21.Kd2 h6
22.Ng5h3 Bc8xh3
23.Qh5xh3 exd4
24.Rd1f1 dxc3
25.Kc1 Qf2c5
{ time. }
1-0

[Event "Tourn. n8102"]
[Site "www.chess-mail.com"]
[Date "2015.03.04"]
[Round "1"]
[White "Jjmcbride"]
[Black "Sorren"]
[WhiteElo "1780"]
[BlackElo "1840"]
[Result "0-1"]
[Round "1"]
1.e4 e5
2.Ng1f3 Nb8c6
3.d4 exd4
4.Nf3xd4 Bf8c5
5.Nd4xc6 Qd8f6
6.f3 dxc6
7.Nb1d2 Bc8e6
8.c3 O-O-O
9.Qd1e2 Ng8e7
10.e5 Qf6g6
11.Nd2e4 Bc5b6
12.Bc1e3 Ne7d5
13.Be3xb6 Nd5xb6
14.h3 Be6f5
15.Ne4d2 Qg6g3
16.Qe2f2 Qg3xf2
17.Kxf2 Rd8xd2
18.Kg3 Rd2xb2
19.Kh2 Rh8e8
20.Ra1e1 Rb2xa2
21.Bf1e2 Re8xe5
22.Be2d1 Re5xe1
23.Rh1xe1 Ra2a1
24.g4 Bf5c2
25.Re1e8 Kd7
26.Re8e2 Bc2xd1
27.Re2e1 Ra1a2
28.Kg3 Bd1b3
{ resign }
0-1

[Event "Tourn. n8067"]
[Site "www.chess-mail.com"]
[Date "2015.03.04"]
[Round "1"]
[White "Gorgo"]
[Black "Colchester"]
[WhiteElo "1819"]
[BlackElo "1850"]
[Result "1-0"]
[Round "1"]
1.c4 e5
2.Nb1c3 f5
3.e3 Ng8f6
4.Ng1f3 Nb8c6
5.Bf1e2 Bf8e7
6.d4 e4
7.Nf3e5 O-O
8.c5 d5
9.Ne5xc6 bxc6
10.Qd1a4 Bc8d7
11.Be2a6 Ra8b8
12.O-O Qd8e8
13.Qa4a5 Qe8d8
14.Ra1b1 Nf6g4
15.h3 Ng4f6
16.Ba6e2 Rb8b7
17.Bc1d2 g5
18.b4 Qd8b8
19.Be2a6 { resign }
1-0